Stratégia rozvoja manažmentu výroby v hospodárskej sfére zborník z vedeckého seminára

Salvato in:
Dettagli Bibliografici
Natura: Libro
Lingua:slovacco
ceco
Pubblicazione: Bratislava FPM EU 2000
Soggetti:
Tags: Aggiungi Tag
Nessun Tag, puoi essere il primo ad aggiungerne!!

MARC

LEADER 00000nam a2200000 4500
001 c117951
005 20221108092522.6
020 |a 80-225-1271-0 
041 0 |a slo 
041 0 |a cze 
044 |a SK 
245 1 0 |a Stratégia rozvoja manažmentu výroby v hospodárskej sfére  |b zborník z vedeckého seminára 
264 1 |a Bratislava  |b FPM EU  |c 2000 
300 |a 180 s. 
610 2 0 |a manažment 
610 2 0 |a výroba 
610 2 0 |a riadenie výroby 
610 2 0 |a politika hospodárska 
610 2 0 |a riadenie kvality 
610 2 0 |a stratégia podniková 
610 2 0 |a logistika 
610 2 0 |a podnik 
610 2 0 |a inovácia 
610 2 0 |a koncepcie 
610 2 0 |a environmentalistika 
610 2 0 |a výrobky 
610 2 0 |a investície 
610 2 0 |a politika finančná 
610 2 0 |a riadenie podnikové 
610 2 0 |a predaj 
610 2 0 |a systémy informačné 
610 2 0 |a projektovanie 
610 2 0 |a konkurencieschopnosť 
610 2 0 |a analýza swot 
610 2 0 |a kvalita 
610 2 0 |a služby 
610 2 0 |a stratégia marketingová 
610 2 0 |a skúšobníctvo štátne 
610 2 0 |a produkty 
610 2 0 |a firmy 
610 2 0 |a náklady 
610 2 0 |a výroba poľnohospodárska 
610 2 0 |a priemysel strojársky